ბათუმის შოთა რუსთაველის სახელმწიფო უნივერსიტეტის ბიბლიოთეკა

რჩეული ნაწერები : 2 ტომად. ტ. 2. (ბიბ.ჩანაწერი № 50965)

000 -LEADER
fixed length control field 00747nam a2200229Ia 4500
001 - CONTROL NUMBER
control field 17922
003 - CONTROL NUMBER IDENTIFIER
control field GE_BSU
008 - FIXED-LENGTH DATA ELEMENTS--GENERAL INFORMATION
fixed length control field 181216s||||||||xx |||||||||||||| ||und||
040 ## - CATALOGING SOURCE
Transcribing agency GE_BSU
080 ## - UNIVERSAL DECIMAL CLASSIFICATION NUMBER
Universal Decimal Classification number 821.353.1-32
100 ## - MAIN ENTRY--PERSONAL NAME
Personal name ლორთქიფანიძე, კ.
245 ## - TITLE STATEMENT
Title რჩეული ნაწერები : 2 ტომად. ტ. 2.
245 ## - TITLE STATEMENT
Remainder of title მოთხრობები
245 ## - TITLE STATEMENT
Statement of responsibility, etc. რედ.შ.სულაბერიძე. მხ. ი.გურო
260 ## - PUBLICATION, DISTRIBUTION, ETC.
Place of publication, distribution, etc. თბილისი
260 ## - PUBLICATION, DISTRIBUTION, ETC.
Name of publisher, distributor, etc. სახელგამი
260 ## - PUBLICATION, DISTRIBUTION, ETC.
Date of publication, distribution, etc. 1956
300 ## - PHYSICAL DESCRIPTION
Extent 344 გვ. 20 სმ.
653 ## - INDEX TERM--UNCONTROLLED
Uncontrolled term მოთხრობები
653 ## - INDEX TERM--UNCONTROLLED
Uncontrolled term რჩეული ნაწერები
942 ## - ADDED ENTRY ELEMENTS (KOHA)
Koha item type წიგნი
ეგზემპლარები
Withdrawn status Lost status Damaged status Not for loan Date acquired Barcode Date last seen Price effective from Koha item type
        2018-12-17 22311 2018-12-17 2018-12-17 წიგნი
        2018-12-17 22308 2018-12-17 2018-12-17 წიგნი
        2018-12-17 22309 2018-12-17 2018-12-17 წიგნი
        2018-12-17 22310 2018-12-17 2018-12-17 წიგნი
        2018-12-17 22344 2018-12-17 2018-12-17 წიგნი